WW2 Naval Quiz - Statistics

General Stats
  • This quiz has been taken 290 times
    287 since last reset
  • The average score is 7 of 15
Answer Stats
Hint Answer % Correct
Complete Winston Churchill's famous request: "Sink the ________!" Bismarck
89%
What Japanese Navy admiral is often thought of as the creater of the plan to attack Pearl Harbour? Admiral Isoroku Yamamoto
73%
The Royal Navy battleship sunk by Japanese land based bombers in 1941 while sailing to the Pacific HMS Prince of Wales
73%
The battlecruiser of the same squadron that was also sunk HMS Repulse
58%
What Royal Navy battleship was sunk at anchor in Scapa Flow in 1939 by a German U-Boat? HMS Royal Oak
54%
What was the name of Germany's proposed aircraft carrier design? Graf Zeppelin
51%
What US Navy admiral had the nickname of 'Bull'? Admiral William F. Halsey
46%
In what famous battle was the German heavy cruiser / 'pocket battleship' Graf Spee sunk? The Battle of the River Plate
42%
The Royal Navy aircraft carrier sunk by the German battleships Scharnhorst and Gneisenau in 1940 HMS Glorious
39%
The only US Navy battleship to sink another battleship in the entire Pacific theatre of war USS Washington
36%
What Royal Navy battleship was torpedoed and sunk by a German U-Boat in the Mediterranean in 1941? HMS Barham
34%
The Royal Navy destroyer that famously rammed the German heavy cruiser Admiral Hipper off Norway in 1940 HMS Glowworm
34%
Where was the French fleet attacked by Royal Navy ships in 1940, causing the loss of many French vessels including the battlecruiser Dunkerque? Mers el Kébir
27%
Can you name the U-Boat that sunk her in Scapa Flow? U-47
24%
What Italian battleship was sunk by British aircraft in the Battle of Taranto in 1940? Conte di Cavour
12%
No matching quizzes found
Score Distribution
Percent of People with Each Score
Percentile by Number Answered
Your Score History
You have not taken this quiz since the last reset